Human physiology / (Record no. 53)
[ view plain ]
| 000 -LEADER | |
|---|---|
| fixed length control field | 01471cam a22003015i 4500 |
| 001 - CONTROL NUMBER | |
| control field | 53 |
| 003 - CONTROL NUMBER IDENTIFIER | |
| control field | EG-CaNGU |
| 005 - DATE AND TIME OF LATEST TRANSACTION | |
| control field | 20250522130602.0 |
| 008 - FIXED-LENGTH DATA ELEMENTS--GENERAL INFORMATION | |
| fixed length control field | 210908t2013 enka f b 001 0 eng d |
| 020 ## - INTERNATIONAL STANDARD BOOK NUMBER | |
| International Standard Book Number | 9780199574933 |
| 040 ## - CATALOGING SOURCE | |
| Original cataloging agency | DLC |
| Language of cataloging | eng |
| Description conventions | rda |
| Transcribing agency | DLC |
| Modifying agency | EG-CaNGU |
| 082 04 - DEWEY DECIMAL CLASSIFICATION NUMBER | |
| Classification number | 612 |
| Item number | POH |
| Edition number | 23 |
| 100 1# - MAIN ENTRY--PERSONAL NAME | |
| Personal name | Pocock, Gillian, |
| Relator term | author. |
| 9 (RLIN) | 1099 |
| 245 10 - TITLE STATEMENT | |
| Title | Human physiology / |
| 250 ## - EDITION STATEMENT | |
| Edition statement | Fourth edition. |
| 264 #1 - PRODUCTION, PUBLICATION, DISTRIBUTION, MANUFACTURE, AND COPYRIGHT NOTICE | |
| Place of production, publication, distribution, manufacture | Oxford, England : |
| Name of producer, publisher, distributor, manufacturer | Oxford University Press, |
| Date of production, publication, distribution, manufacture, or copyright notice | [2013] |
| 264 #4 - PRODUCTION, PUBLICATION, DISTRIBUTION, MANUFACTURE, AND COPYRIGHT NOTICE | |
| Date of production, publication, distribution, manufacture, or copyright notice | ©2013 |
| 300 ## - PHYSICAL DESCRIPTION | |
| Extent | xx, 815 pages : |
| Other physical details | illustrations ; |
| Dimensions | 28 cm |
| 336 ## - CONTENT TYPE | |
| Content type term | text |
| Source | rdacontent |
| Content type code | txt |
| 337 ## - MEDIA TYPE | |
| Media type term | unmediated |
| Source | rdamedia |
| Media type code | n |
| 338 ## - CARRIER TYPE | |
| Carrier type term | volume |
| Source | rdacarrier |
| Carrier type code | nc |
| 504 ## - BIBLIOGRAPHY, ETC. NOTE | |
| Bibliography, etc. note | Includes bibliographical references and index. |
| 650 #7 - SUBJECT ADDED ENTRY--TOPICAL TERM | |
| Topical term or geographic name entry element | Human physiology. |
| Source of heading or term | NGU-sh |
| 9 (RLIN) | 3204 |
| 650 #7 - SUBJECT ADDED ENTRY--TOPICAL TERM | |
| Topical term or geographic name entry element | Physiology, pathological. |
| Source of heading or term | NGU-sh |
| 9 (RLIN) | 3652 |
| 700 1# - ADDED ENTRY--PERSONAL NAME | |
| Personal name | Richards, Christopher D., |
| Relator term | author. |
| 9 (RLIN) | 1101 |
| 700 1# - ADDED ENTRY--PERSONAL NAME | |
| Personal name | Richards, David A., |
| Titles and other words associated with a name | (Biochemist), |
| Relator term | author. |
| 9 (RLIN) | 1102 |
| 775 08 - OTHER EDITION ENTRY | |
| Edition | Fifth edition, |
| Relationship information | Later edition: |
| Title | Human physiology. |
| Record control number | 591 |
| International Standard Book Number | 9780198737223 |
| Withdrawn status | Lost status | Source of classification or shelving scheme | Damaged status | Not for loan | Collection code | Home library | Current library | Date acquired | Cost, normal purchase price | Total Renewals | Full call number | Barcode | Date last seen | Date last checked out | Cost, replacement price | Price effective from | Koha item type | Inventory number | Checked out |
|---|---|---|---|---|---|---|---|---|---|---|---|---|---|---|---|---|---|---|---|
| Dewey Decimal Classification | Medicine | Library 2A | Library 2A | 01/01/2017 | 4700.00 | 612 POH | 1004919 | 08/13/2025 | 12/11/2017 | 5875.00 | 01/01/2017 | Book | |||||||
| Dewey Decimal Classification | Medicine | Library A | Library A | 01/01/2017 | 4700.00 | 4 | 612 POH | 1003127 | 08/13/2025 | 02/23/2025 | 5875.00 | 01/01/2017 | Book | ||||||
| Lost and Paid For | Dewey Decimal Classification | Medicine | Library A | Library A | 01/01/2017 | 4700.00 | 1 | 612 POH | 2017-00054 | 04/16/2018 | 04/16/2018 | 5875.00 | 01/01/2017 | Book | Inventory_2018, later edition bib no: 591 | ||||
| Dewey Decimal Classification | Not For Loan | Medicine | Library A | Library A | 01/01/2017 | 4700.00 | 612 POH | 1001301 | 11/03/2025 | 05/15/2018 | 5875.00 | 01/01/2017 | Book Non-borrowing | ||||||
| Dewey Decimal Classification | Medicine | Library A | Library A | 01/01/2017 | 4700.00 | 9 | 612 POH | 1001304 | 10/13/2025 | 10/01/2025 | 5875.00 | 01/01/2017 | Book | ||||||
| Dewey Decimal Classification | Medicine | Library A | Library A | 01/01/2017 | 4700.00 | 5 | 612 POH | 1001298 | 10/26/2025 | 10/19/2025 | 5875.00 | 01/01/2017 | Book | ||||||
| Lost | Dewey Decimal Classification | Medicine | Library A | Library A | 01/01/2017 | 2650.00 | 612 POH | 2017-0274 | 05/06/2018 | 04/24/2018 | 3445.00 | 01/01/2017 | Book | Inventory_2018, later edition bib no: 591 | |||||
| Dewey Decimal Classification | Medicine | Library A | Library A | 01/01/2017 | 4700.00 | 5 | 612 POH | 1004422 | 08/13/2025 | 03/12/2024 | 5875.00 | 01/01/2017 | Book | ||||||
| Dewey Decimal Classification | Medicine | Library A | Library A | 01/01/2017 | 4700.00 | 4 | 612 POH | 1001299 | 08/13/2025 | 04/04/2024 | 5875.00 | 01/01/2017 | Book | ||||||
| Dewey Decimal Classification | Medicine | Library A | Library A | 01/01/2017 | 4700.00 | 12 | 612 POH | 1001300 | 11/03/2025 | 10/19/2025 | 5875.00 | 01/01/2017 | Book | ||||||
| Dewey Decimal Classification | Medicine | Library A | Library A | 01/01/2017 | 4700.00 | 612 POH | 2017-0278 | 04/12/2017 | 04/12/2017 | 5875.00 | 01/01/2017 | Book | 04/19/2017 | ||||||
| Dewey Decimal Classification | Medicine | Library A | Library A | 01/01/2017 | 4700.00 | 6 | 612 POH | 1001303 | 08/13/2025 | 10/14/2024 | 5875.00 | 01/01/2017 | Book | ||||||
| Dewey Decimal Classification | Medicine | Library A | Library C | 01/01/2017 | 4700.00 | 8 | 612 POH | 1004785 | 08/13/2025 | 01/14/2025 | 5875.00 | 01/01/2017 | Book | ||||||
| Dewey Decimal Classification | Medicine | Library A | Library C | 01/01/2017 | 4700.00 | 3 | 612 POH | 1001302 | 08/13/2025 | 04/07/2021 | 5875.00 | 01/01/2017 | Book |